000 00666nam a22002297a 4500
003 UA-OsUOA
001 44947
007 ta
008 20070319b un ||||| |||| 00| 0 ukr d
100 _aГончаров Ю.
700 _aКасич А.
090 _a330(477)
_bГ-11
942 _cSA
040 _aUA-OsUOA
_bukr
_cUA-OsUOA
_dUA-OsUOA
245 _aНауковий потенціал як фактор розвитку інноваційно-інвестиційної системи України
300 _aС.42-52
955 _a0
041 _aukr
080 _a330(477)
773 0 _w44942
650 7 _a330 Економіка взагалі
_2UDC
999 _c331063
_d331063